000 01692nam0a22003251 4500
001 rc\281623
005 20250621015049.0
035 _a(NLR Aleph) 005508750
090 _a5383603
_c5383603
100 _a20030307d1990 |||y0rusy50 ca
101 0 _arus
102 _aRU
105 _ay |||||||||
200 1 _aЧердак Вселенной
_e[Науч.-фантаст. повесть]
_fС.И. Павлов
210 _aМ.
_cБ. и.
_d1990
215 _a318 с.
_d20
225 1 _aРоман-газета для юношества
_v10
225 1 _aПриключения и фантастика
300 _aЗагл. обл.: Чердак Вселенной
423 0 _12001#$aКуда спешишь, муравей?$e[Науч.-фантаст. повесть]$fЮ.М. Медведев
_1700#1$aМедведев$bЮ. М.$cписатель$f1937-2020$gЮрий Михайлович$3RU\NLR\AUTH\773728
_tКуда спешишь, муравей?
_aМедведев, Юрий Михайлович (писатель ; 1937-2020)
423 0 _12001#$aНЛО из Грачевки$fВ.И. Пищенко, М.А. Шабалин
_1700#1$aПищенко$bВ.И.
_1701#1$aШабалин$bМ.А.
_tНЛО из Грачевки
_aПищенко, В.И.
423 0 _12001#$aОдна лошадиная сила$fИ. Стрелкова
_1700#1$aСтрелкова$bИ.
_tОдна лошадиная сила
_aСтрелкова, И.
512 0 _aЧердак Вселенной
700 1 _aПавлов
_bС.И.
_f1935-
_gСергей Иванович
801 0 _aRU
_bNLR
_gpsbo
801 1 _aRU
_bELAR
_2rusmarc
852 _aNLR
_jП28/1469
942 _cBOOK
980 _aNB